| 000 | 00424nam a2200121Ia 4500 | ||
|---|---|---|---|
| 008 | 160712s9999 xx 000 0 und d | ||
| 100 | _aNeri, Leee M. | ||
| 245 |
_cLeee M. Neri _aA Report on the Archaeological Survey Along the Coastal Area of Misamis Oriental, Philippines |
||
| 260 |
_c2011 _bHukay |
||
| 300 | _avol. 16 | ||
| 650 | _xARCHAEOLOGY | ||
| 856 | _uhttp://journals.upd.edu.ph/index.php/asp/issue/view/423/showToc | ||
| 999 |
_c297526 _d297526 |
||